Statistics for Famous comedians

Click here to take the quiz!

General Stats

  • This quiz has been taken 27 times
  • The average score is 10 of 18

Answer Stats

HintAnswer% Correct
Always has something interesting on QIStephen Fry
84%
The loveable host of Mock The WeekDara O'Briain
80%
Scottish. Offensive.Frankie Boyle
72%
Sometimes called posh, often by himself, and the teacher in Bad EducationJack Whitehall
68%
When I hear his laugh, I am reminded of a seal...Jimmy Carr
68%
He's always got Good News. . .Russell Howard
64%
Australian, and a prosthetic legAdam Hills
60%
This man originates from LiverpoolJohn Bishop
60%
Jordi woman, wears glassesSarah Millican
56%
One of the captains on 8 Out of 10 Cats Does CountdownSean Lock
56%
Would He Lie To You?David Mitchell
52%
Very tall, and mean to all the InbetweenersGreg Davies
52%
Canadian woman based in the UKKatherine Ryan
48%
He's known for being sarcastic and miserable, but in real life, he's just the same. Joking. . .Jack Dee
44%
Appears on the Last Leg. I'm never quite sure if he's a child or not?Josh Widdicombe
44%
This guy is proud of, and hates, being a veganRomesh Ranganathan
40%
Another Canadian, dry but funny, usually uses one-linersStewart Francis
40%
Bald, and usually wearing a silver cross on his neckAndy Parsons
32%

Score Distribution

Percentile by Number Answered

Percent of People with Each Score

Your Score History

You have not taken this quiz